CT/CS 2ème Génération - Statistiques

Statistiques générales
  • Ce quiz a été pris 101 fois
  • Le résultat moyen est 24 sur 57
Statistiques - réponses
Hint Réponse % Correct
CS03 Surf
97%
CS01 Coupe
95%
CS02 Vol
93%
CS07 Cascade
91%
CS05 Flash
89%
CS04 Force
89%
CT29 Psyko
86%
CT25 Fatal-Foudre
84%
CT26 Séisme
83%
CS06 Siphon
78%
CT38 Déflagration
76%
CT14 Blizzard
72%
CT30 Ball'Ombre
70%
CT28 Tunnel
63%
CT22 Lance-Soleil
61%
CT06 Toxik
61%
CT08 Eclate-Roc
59%
CT01 Dynamopoing
49%
CT19 Giga-Sangsue
47%
CT23 Queue de Fer
46%
CT15 Ultralaser
46%
CT44 Repos
43%
CT17 Abri
42%
CT36 Bomb-Beurk
39%
CT42 Dévorêve
39%
CT41 Poing-Eclair
38%
CT33 Poing-Glace
38%
CT18 Danse Pluie
37%
CT49 Taillade
37%
CT24 Dracosouffle
36%
CT48 Poing de Feu
36%
CT11 Zénith
36%
CT27 Retour
34%
CT37 Tempêtesable
32%
CT02 Coup d'Boule
30%
CT21 Frustration
29%
CT16 Vent Glace
28%
CT46 Larcin
26%
CT03 Malédiction
26%
CT45 Attraction
25%
CT31 Coud'Boue
22%
CT07 Elécanon
22%
CT32 Reflet
22%
CT04 Roulade
22%
CT47 Aile d'Acier
21%
CT35 Blabla Dodo
21%
CT39 Météores
20%
CT05 Hurlement
17%
CT10 Puis. Cachée
17%
CT50 Cauchemar
14%
CT43 Détection
14%
CT12 Doux Parfum
11%
CT09 Boost
9%
CT34 Vantardise
8%
CT13 Ronflement
7%
CT40 Boul'Armure
5%
CT20 Ténacité
5%
Aucun quiz correspondant
Distribution des résultats
% des personnes avec chaque résultat
Percentile par nombre de réponses
Votre historique - résultats
Vous n’avez pas pris ce quiz